000 00576nam a22001937a 4500
001 BD-DhSAU 10388
003 BD-DhSAU
005 20150627123438.0
008 150624b1980 ii ||||r|||| 000 0 ben d
040 _aBD-DhSAU
082 _222
_a---
_b---
100 _aকৌশিক
245 _aস্বগত সংলাপ /
_cকৌশিক
260 _aকলিকাতা :
_bনাথ ব্রাদার্স,
_c১৯৮০.
300 _a১০৭ পৃ. :
_c২১ সেমি
590 _aerfat
650 _aউপন্যাস
942 _2ddc
_cBOOK
999 _c10388
_d10387